[Event "22nd EUR-ch (w)"]
[Site "Prague CZE"]
[Date "2022.08.20"]
[Round "1.27"]
[White "Balajayeva, Khanim"]
[Black "Petrova, Irina"]
[Result "1/2-1/2"]
[WhiteElo "2344"]
[BlackElo "2127"]
[EventDate "2022.08.20"]
[PlyCount "121"]

1.e4 g6 2.d4 Bg7 3.Nc3 d6 4.Nf3 Nf6 5.Be2 O-O 6.O-O Bg4 7.Be3 Nc6 8.d5 
Bxf3 9.Bxf3 Ne5 10.Be2 c6 11.a4 cxd5 12.exd5 Qa5 13.Ra3 Rfc8 14.Rb3 Qc7 
15.Qd4 Nfd7 16.Qb4 Nb6 17.Bd4 Nec4 18.Bxg7 a5 19.Qb5 Kxg7 20.Re1 Qd8 21.
Ne4 Ra6 22.Rc3 Ne5 23.Qb3 Raa8 24.Rh3 f6 25.f4 Nf7 26.Re3 Nh6 27.Ng3 Rc5 
28.Bf3 Ng8 29.f5 Nc4 30.R3e2 Ne5 31.fxg6 hxg6 32.h4 Nh6 33.h5 g5 34.Be4 
Ra6 35.Nf5+ Nxf5 36.Bxf5 Qb6 37.h6+ Kh8 38.Qh3 Rc4+ 39.Re3 Rh4 40.Qg3 Rxh6
41.b3 Ra8 42.Kf1 Kg7 43.Ke2 Rah8 44.Be6 Rh1 45.Kd2 Qd4+ 46.Kc1 Qb4 47.Kb1 
Nc4 48.Re2 R8h4 49.Bf5 Ne5 50.Qe3 b5 51.axb5 Qxb5 52.Qa7 Qe8 53.Qxa5 Qb8 
54.Ka2 Rh8 55.Rxh1 Rxh1 56.Re4 Rd1 57.Be6 Qh8 58.Qa7 Ng6 59.Bf5 Rxd5 60.
Bxg6 Kxg6 61.Rxe7 1/2-1/2

[Event "22nd EUR-ch (w)"]
[Site "Prague CZE"]
[Date "2022.08.20"]
[Round "1.28"]
[White "Schloffer, Jasmin-Denise"]
[Black "Brunello, Marina"]
[Result "1/2-1/2"]
[WhiteElo "2127"]
[BlackElo "2341"]
[EventDate "2022.08.20"]
[PlyCount "127"]

1.d4 d5 2.c4 e6 3.Nc3 Nf6 4.cxd5 exd5 5.Bg5 Be7 6.e3 c6 7.Qc2 Nbd7 8.Bd3 
O-O 9.Nge2 Re8 10.O-O Nf8 11.f3 g6 12.Rad1 Ne6 13.Bh4 b6 14.Kh1 Bb7 15.Bf2
Rc8 16.Qd2 a6 17.h3 c5 18.Bb1 cxd4 19.Nxd4 Nxd4 20.exd4 Nh5 21.Rfe1 Bd6 
22.Rxe8+ Qxe8 23.Re1 Qd8 24.Ne2 Qf6 25.Kg1 Kg7 26.Be3 Bb8 27.g4 Ng3 28.Kg2
Nxe2 29.Bh6+ Kg8 30.Qxe2 Qd8 31.Bd3 a5 32.Bb5 Bd6 33.Be8 Qc7 34.Rc1 Qd8 
35.Re1 Qc7 36.Rc1 Qe7 37.Qxe7 Bxe7 38.Rxc8 Bxc8 39.Bc6 Be6 40.Bf4 Bf6 41.
Be5 Bxe5 42.dxe5 g5 43.a3 d4 44.Bb5 f6 45.exf6 Kf7 46.Bd3 h6 47.f4 Kxf6 
48.Kg3 Bb3 49.h4 gxh4+ 50.Kxh4 b5 51.Kh5 Kg7 52.g5 hxg5 53.Kxg5 Bc4 54.Bc2
d3 55.Bd1 a4 56.Kg4 Bd5 57.Kg3 Kf6 58.Kf2 Kf5 59.Ke3 Bc4 60.Bf3 d2 61.Be4+
Kg4 62.Kxd2 Kxf4 63.Bc6 Ke5 64.Kc3 1/2-1/2

[Event "22nd EUR-ch (w)"]
[Site "Prague CZE"]
[Date "2022.08.20"]
[Round "1.29"]
[White "Zimina, Olga"]
[Black "Hrebenshchykova, Yelyzaveta"]
[Result "1/2-1/2"]
[WhiteElo "2340"]
[BlackElo "2123"]
[EventDate "2022.08.20"]
[PlyCount "163"]

1.d4 Nf6 2.Nf3 g6 3.Nc3 d5 4.Bf4 Bg7 5.e3 O-O 6.Be2 c5 7.dxc5 Nbd7 8.Nxd5 
Nxd5 9.Qxd5 Bxb2 10.O-O Bxa1 11.Rxa1 Nf6 12.Qe5 Be6 13.Bh6 Re8 14.e4 Qb8 
15.Qc3 Rc8 16.Ng5 Qd6 17.cxd6 Rxc3 18.e5 Nd5 19.Bd3 exd6 20.exd6 Rc6 21.
Ne4 f5 22.Ng5 Nf4 23.Bb5 Rxd6 24.g3 Rad8 25.gxf4 Rd1+ 26.Rxd1 Rxd1+ 27.Kg2
Bxa2 28.Nf3 Bd5 29.Kg3 a6 30.Bd7 b5 31.Bg5 Bxf3 32.Be6+ Kg7 33.Kxf3 h6 34.
Bh4 a5 35.Ke2 Rd4 36.f3 a4 37.Be7 Rxf4 38.c3 g5 39.Bd6 Rh4 40.Bxf5 Rc4 41.
Bd7 Kf7 42.Kd3 h5 43.Bxb5 Rc8 44.Bb4 Ra8 45.Ba3 Ke6 46.Ke4 Rc8 47.c4 g4 
48.f4 h4 49.f5+ Kf6 50.c5 Rb8 51.Bxa4 g3 52.hxg3 h3 53.Kf4 h2 54.Bc6 Rb3 
55.Bc1 Rb4+ 56.Ke3 Rc4 57.Bb2+ Kxf5 58.Bd4 Rc1 59.Be4+ Kg4 60.Kd2 h1=Q 61.
Bxh1 Rxh1 62.c6 Rh6 63.c7 Rc6 64.Be5 Kf5 65.Bf4 Ke4 66.Ke2 Rc2+ 67.Kd1 Rc6
68.Kd2 Rc5 69.Ke1 Kf3 70.Bd6 Rc6 71.Be5 Ke4 72.Bd6 Kf3 73.Bf4 Rc5 74.Kf1 
Rc6 75.Kg1 Rc2 76.Kh1 Ke4 77.Bd6 Kf3 78.Be5 Ke4 79.Bf4 Kf3 80.Bd6 Kg4 81.
Be5 Kf3 82.Bf4 1/2-1/2

[Event "22nd EUR-ch (w)"]
[Site "Prague CZE"]
[Date "2022.08.20"]
[Round "1.30"]
[White "Koubova, Anna Marie"]
[Black "Gaponenko, Inna"]
[Result "0-1"]
[WhiteElo "2122"]
[BlackElo "2339"]
[EventDate "2022.08.20"]
[PlyCount "82"]

1.d4 Nf6 2.c4 e6 3.Nc3 Bb4 4.e3 c5 5.Bd2 O-O 6.Bd3 d5 7.Nf3 cxd4 8.exd4 
dxc4 9.Bxc4 b6 10.O-O Bb7 11.Bg5 Nbd7 12.Rc1 Rc8 13.Bb3 h6 14.Bh4 Bxc3 15.
bxc3 b5 16.Re1 Qa5 17.Qd3 Nd5 18.Bxd5 Bxd5 19.Be7 Rfe8 20.Bb4 Qa4 21.Qd1 
Qxd1 22.Rcxd1 Bxf3 23.gxf3 Nf6 24.Bc5 Nd5 25.Rc1 Rc6 26.Kf1 Ra6 27.Rc2 Ra4
28.Rb1 a6 29.Bb4 Rc8 30.a3 Rc4 31.Ke1 a5 32.Bc5 b4 33.Kd2 Rxa3 34.cxb4 
Rxc2+ 35.Kxc2 axb4 36.Kd2 Rxf3 37.Ke2 Rh3 38.Bxb4 Rxh2 39.Rb2 Rh4 40.Bc5 
g5 41.Rb8+ Kh7 0-1

[Event "22nd EUR-ch (w)"]
[Site "Prague CZE"]
[Date "2022.08.20"]
[Round "1.31"]
[White "Beydullayeva, Govhar"]
[Black "Tsirulnik, Maritsa"]
[Result "1-0"]
[WhiteElo "2339"]
[BlackElo "2089"]
[EventDate "2022.08.20"]
[PlyCount "83"]

1.Nf3 d5 2.d4 e6 3.c4 c6 4.b3 Bb4+ 5.Bd2 Bxd2+ 6.Nbxd2 Nf6 7.Qc2 O-O 8.g3 
Nbd7 9.Bg2 b6 10.O-O Bb7 11.e4 Nxe4 12.Nxe4 dxe4 13.Qxe4 Nf6 14.Qe3 Qc7 
15.Ne5 Rad8 16.Rfd1 Rfe8 17.b4 Nd7 18.Nd3 b5 19.c5 Re7 20.f4 Nf6 21.Nf2 
Red7 22.g4 Nd5 23.Bxd5 exd5 24.Re1 Kf8 25.Qh3 Qxf4 26.Qxh7 Qh6 27.Qxh6 
gxh6 28.Nd3 Re8 29.Rxe8+ Kxe8 30.Rf1 Re7 31.Ne5 a6 32.Rf6 Re6 33.Rxe6+ 
fxe6 34.Kf2 Ke7 35.Kg3 a5 36.bxa5 b4 37.Kh4 Kf6 38.Kh5 Ba6 39.Nxc6 Bc4 40.
Nxb4 e5 41.dxe5+ Kxe5 42.a6 1-0

[Event "22nd EUR-ch (w)"]
[Site "Prague CZE"]
[Date "2022.08.20"]
[Round "1.32"]
[White "Lhotska, Anna"]
[Black "Zhukova, Natalia"]
[Result "1-0"]
[WhiteElo "2081"]
[BlackElo "2335"]
[EventDate "2022.08.20"]
[PlyCount "73"]

1.e4 e5 2.Nf3 Nc6 3.Bb5 a6 4.Ba4 Nf6 5.O-O b5 6.Bb3 Bc5 7.d3 h6 8.c3 d6 9.
Nbd2 O-O 10.a4 Rb8 11.axb5 axb5 12.Re1 Bb6 13.Nf1 Na5 14.Bc2 c5 15.h3 Re8 
16.Ng3 Nc6 17.Nh4 Ne7 18.Qf3 Ng6 19.Nhf5 Be6 20.h4 c4 21.d4 b4 22.h5 b3 
23.hxg6 fxg6 24.dxe5 dxe5 25.Rd1 Nd7 26.Bb1 Rf8 27.Qg4 Kh7 28.Rd6 Qe8 29.
Qh4 Bc5 30.Rc6 Qf7 31.Bxh6 gxh6 32.Qxh6+ Kg8 33.Rxe6 Nf6 34.Raa6 Bxf2+ 35.
Kxf2 Ng4+ 36.Ke2 Nxh6 37.Nxh6+ 1-0

[Event "22nd EUR-ch (w)"]
[Site "Prague CZE"]
[Date "2022.08.20"]
[Round "1.33"]
[White "Roebers, Eline"]
[Black "Koridze, Lile"]
[Result "1/2-1/2"]
[WhiteElo "2324"]
[BlackElo "2081"]
[EventDate "2022.08.20"]
[PlyCount "83"]

1.e4 c5 2.Nf3 d6 3.d4 cxd4 4.Nxd4 Nf6 5.Nc3 a6 6.f4 e5 7.Nb3 Nc6 8.Be2 Be7
9.O-O exf4 10.Bxf4 O-O 11.Kh1 Ne5 12.Qd2 b5 13.a4 Bb7 14.axb5 axb5 15.Qd4 
Nc6 16.Qe3 b4 17.Na4 Ne5 18.Bxe5 dxe5 19.Bd3 Bc6 20.Nac5 Qb6 21.Rxa8 Rxa8 
22.Qg3 Qc7 23.Rf5 Bxc5 24.Rxf6 Be7 25.Rf5 f6 26.Nd2 Bd7 27.Rf1 Be6 28.b3 
Rd8 29.Nc4 Qa7 30.Ne3 Kh8 31.Nd5 Bxd5 32.exd5 g6 33.h4 Rxd5 34.Bc4 Rd4 35.
Qh3 f5 36.g3 Qb7+ 37.Qg2 Qxg2+ 38.Kxg2 f4 39.gxf4 exf4 40.h5 Kg7 41.hxg6 
hxg6 42.Kf3 1/2-1/2

[Event "22nd EUR-ch (w)"]
[Site "Prague CZE"]
[Date "2022.08.20"]
[Round "1.34"]
[White "Sankova, Stella"]
[Black "Heinemann, Josefine"]
[Result "0-1"]
[WhiteElo "2067"]
[BlackElo "2321"]
[EventDate "2022.08.20"]
[PlyCount "100"]

1.e4 c5 2.Nf3 d6 3.Bb5+ Nd7 4.d4 cxd4 5.Qxd4 a6 6.Bxd7+ Bxd7 7.c4 Nf6 8.
Bg5 e6 9.O-O Be7 10.Nc3 Bc6 11.Qd3 O-O 12.Rad1 h6 13.Bf4 e5 14.Bc1 b5 15.
Rfe1 bxc4 16.Qxc4 Bd7 17.b3 Rc8 18.Qd3 Qc7 19.Bb2 Qb7 20.Nd2 Rfd8 21.Nc4 
Bg4 22.f3 Be6 23.Ne3 Rc7 24.Re2 Qb6 25.Kf1 Rdc8 26.Rc2 Qb7 27.Rcd2 Rc5 28.
Na4 R5c6 29.Nc3 Nh5 30.Ned5 Bg5 31.Rf2 Nf4 32.Nxf4 Bxf4 33.g3 Bg5 34.h4 
Bd8 35.Nd5 Qd7 36.Kg2 a5 37.Rdd2 f5 38.Rfe2 Qf7 39.Rd1 f4 40.Rh1 fxg3 41.
Kxg3 Qg6+ 42.Kf2 Qh5 43.Kf1 Rb8 44.Nc3 Rb7 45.Rg2 Rf7 46.Ke2 Bb6 47.Nd1 
Bc8 48.Rg3 Bd4 49.Qd2 Ba6+ 50.Ke1 Rxf3 0-1

[Event "22nd EUR-ch (w)"]
[Site "Prague CZE"]
[Date "2022.08.20"]
[Round "1.35"]
[White "Lazarne Vajda, Szidonia"]
[Black "Hnatyshyn, Anastasiia"]
[Result "1/2-1/2"]
[WhiteElo "2313"]
[BlackElo "2061"]
[EventDate "2022.08.20"]
[PlyCount "90"]

1.d4 Nf6 2.Bf4 d5 3.e3 c5 4.c3 Nc6 5.Nd2 Bf5 6.Ngf3 e6 7.Bb5 Qb6 8.Qa4 Nd7
9.Ne5 Ndxe5 10.Bxe5 a6 11.Bxc6+ bxc6 12.dxc5 Qxc5 13.O-O f6 14.Bg3 e5 15.
c4 Bd7 16.Rac1 Qb6 17.Qc2 Be7 18.Rfd1 O-O 19.cxd5 cxd5 20.Qb3 Qxb3 21.Nxb3
Be6 22.f4 exf4 23.Bxf4 Rac8 24.Bc7 Kf7 25.Nd4 Bg4 26.Rf1 Bb4 27.Rc2 Rfe8 
28.a3 Bd2 29.Rxd2 Rxc7 30.Kf2 Rec8 31.h3 Bh5 32.g4 Bg6 33.Rfd1 Be4 34.Ne2 
Rc2 35.Nc3 Rxd2+ 36.Rxd2 Rc4 37.Nxd5 Bxd5 38.Rxd5 Rc2+ 39.Kf3 Rxb2 40.Rd6 
a5 41.Rd5 Rh2 42.Kg3 Re2 43.Kf3 Rh2 44.Kg3 Re2 45.Kf3 Rh2 1/2-1/2

[Event "22nd EUR-ch (w)"]
[Site "Prague CZE"]
[Date "2022.08.20"]
[Round "1.36"]
[White "Sevcikova, Lucia"]
[Black "Gaal, Zsoka"]
[Result "0-1"]
[WhiteElo "2058"]
[BlackElo "2313"]
[EventDate "2022.08.20"]
[PlyCount "122"]

1.d4 Nf6 2.c4 e6 3.Nf3 d5 4.Nc3 dxc4 5.e3 a6 6.a4 b6 7.Bxc4 Bb4 8.O-O Bb7 
9.Qb3 Qe7 10.Ne5 O-O 11.f3 Bd6 12.Nd3 Nc6 13.Qc2 Rad8 14.Bd2 Nb4 15.Nxb4 
Bxb4 16.Be1 e5 17.Bf2 exd4 18.exd4 Qd7 19.Rad1 Rc8 20.Qb3 Bd6 21.Rfe1 Qf5 
22.Ne2 Nh5 23.Ng3 Nxg3 24.Bxg3 Bxg3 25.hxg3 Rce8 26.Kf2 g6 27.Qc3 Qf6 28.
Qd3 Qd6 29.Qd2 Rxe1 30.Rxe1 Rd8 31.Rd1 Bd5 32.Qd3 Bxc4 33.Qxc4 a5 34.Rd2 
Rd7 35.g4 Qf4 36.Qc3 Rd5 37.Qe3 Qd6 38.Ke2 Kg7 39.f4 Qc6 40.Qc3 Qe6+ 41.
Qe3 Qxg4+ 42.Kf2 Qd7 43.Qc3 h5 44.b3 Kh7 45.Rc2 Rxd4 46.Qxc7 Qxc7 47.Rxc7 
Rxf4+ 48.Kg3 Rf6 49.Rb7 Kh6 50.Kh3 Kg5 51.g3 Kh6 52.Kg2 g5 53.Rb8 Kg7 54.
Rb7 Kg6 55.Rb8 Rc6 56.Rg8+ Kf5 57.Rh8 Kg4 58.Rf8 f6 59.Rf7 f5 60.Rf8 Rc2+ 
61.Kf1 Rc3 0-1

[Event "22nd EUR-ch (w)"]
[Site "Prague CZE"]
[Date "2022.08.20"]
[Round "1.37"]
[White "Garcia Martin, Marta"]
[Black "Vanduyfhuys, Daria"]
[Result "1-0"]
[WhiteElo "2305"]
[BlackElo "2054"]
[EventDate "2022.08.20"]
[PlyCount "123"]

1.e4 c5 2.Nf3 d6 3.d4 cxd4 4.Nxd4 Nf6 5.Nc3 a6 6.h3 e5 7.Nde2 Be7 8.g4 h6 
9.Bg2 Nbd7 10.Ng3 g6 11.Be3 b5 12.Qd2 Bf8 13.O-O Bb7 14.a4 b4 15.Nd5 Bxd5 
16.exd5 Rb8 17.a5 Bg7 18.f4 O-O 19.fxe5 Nxe5 20.Bxh6 Nc4 21.Qf4 Bxh6 22.
Qxh6 Nh7 23.Ne4 Ne5 24.Rf4 f6 25.Rf2 Rb7 26.Qh4 Rbf7 27.Raf1 Kg7 28.Qg3 
Rd7 29.Ra1 Kh8 30.Kh1 Rdf7 31.Raf1 f5 32.gxf5 gxf5 33.Nd2 Qxa5 34.Qh4 Qb6 
35.Nb3 f4 36.Be4 Qe3 37.Rxf4 Qxe4+ 38.Rxe4 Rxf1+ 39.Kg2 R1f7 40.Nd4 a5 41.
b3 Ng6 42.Qe1 Nf6 43.Re6 Nf4+ 44.Kh1 Rh7 45.h4 Nxe6 46.dxe6 Ng8 47.Qg3 Ne7
48.Nf3 Nf5 49.Qg4 Rf6 50.Kh2 Rg7 51.Ng5 Kg8 52.Qc4 Ne7 53.Qa6 Nf5 54.Qxa5 
Rf8 55.Qxb4 Rc8 56.Kh3 Rgc7 57.c4 Kg7 58.Qc3+ Kg6 59.Nf7 Re7 60.h5+ Kxh5 
61.Qf6 Rc5 62.Qg5# 1-0

[Event "22nd EUR-ch (w)"]
[Site "Prague CZE"]
[Date "2022.08.20"]
[Round "1.38"]
[White "Froewis, Annika"]
[Black "Sandu, Mihaela"]
[Result "1/2-1/2"]
[WhiteElo "2044"]
[BlackElo "2297"]
[EventDate "2022.08.20"]
[PlyCount "113"]

1.d4 Nf6 2.Bf4 d5 3.e3 c5 4.c3 Nc6 5.Nd2 e6 6.Ngf3 Nh5 7.Bg5 f6 8.Bh4 g6 
9.Bb5 Be7 10.O-O O-O 11.dxc5 Bxc5 12.b4 Be7 13.a3 Ng7 14.Bg3 Nf5 15.c4 d4 
16.exd4 Ncxd4 17.Ba4 e5 18.Nxd4 Qxd4 19.c5 Kg7 20.Qe2 Nxg3 21.hxg3 Bf5 22.
Nb3 Qe4 23.Rfe1 Qxe2 24.Rxe2 Bd3 25.Rd2 e4 26.Nd4 Kh6 27.Re1 a5 28.Bb3 
axb4 29.axb4 Rfd8 30.Ne6 Rd7 31.Rxe4 f5 32.Re3 Bb5 33.Rxd7 Bxd7 34.Nc7 
Ra1+ 35.Kh2 Bg5 36.f4 Bf6 37.Rd3 Bc6 38.b5 Be4 39.Rd7 Rb1 40.Bg8 g5 41.Bd5
gxf4 42.gxf4 Bh4 43.Bxe4 fxe4 44.Nd5 Rb3 45.g4 Rxb5 46.Kh3 Bf2 47.g5+ Kg6 
48.Kg4 h5+ 49.gxh6 Kxh6 50.Nf6 Kg6 51.Nxe4 Bxc5 52.f5+ Kh6 53.Nxc5 Rxc5 
54.Rxb7 Rc4+ 55.Kg3 Kg5 56.Rb5 Rg4+ 57.Kf3 1/2-1/2

[Event "22nd EUR-ch (w)"]
[Site "Prague CZE"]
[Date "2022.08.20"]
[Round "1.39"]
[White "Babiy, Olga"]
[Black "Hajiyeva, Laman"]
[Result "0-1"]
[WhiteElo "2296"]
[BlackElo "2042"]
[EventDate "2022.08.20"]
[PlyCount "70"]

1.d4 d5 2.Bf4 c5 3.e3 cxd4 4.exd4 Nc6 5.c3 Bf5 6.Qb3 Qd7 7.Nf3 f6 8.Be2 g5
9.Bg3 e6 10.Nbd2 h5 11.h3 Nge7 12.Nf1 Be4 13.Ne3 Nc8 14.h4 g4 15.Nd2 Bg6 
16.O-O Bh6 17.Rae1 O-O 18.Bb5 f5 19.c4 Nb6 20.c5 Nc8 21.f4 gxf3 22.Nxf3 f4
23.Ne5 Qg7 24.Nxc6 Be4 25.Bh2 fxe3 26.Re2 Rxf1+ 27.Kxf1 a6 28.Ne5 axb5 29.
Qxb5 Qf8+ 30.Nf3 Rxa2 31.Kg1 Ra1+ 32.Re1 Rxe1+ 33.Nxe1 Qf2+ 34.Kh1 Qxe1+ 
35.Bg1 Qxh4+ 0-1

[Event "22nd EUR-ch (w)"]
[Site "Prague CZE"]
[Date "2022.08.20"]
[Round "1.40"]
[White "Butenandt, Svenja"]
[Black "Rapport, Jovana"]
[Result "1/2-1/2"]
[WhiteElo "2032"]
[BlackElo "2294"]
[EventDate "2022.08.20"]
[PlyCount "79"]

1.d4 Nf6 2.c4 g6 3.Nc3 Bg7 4.e4 d6 5.Nf3 O-O 6.Be2 Nbd7 7.O-O e5 8.d5 Nc5 
9.Qc2 a5 10.Bg5 h6 11.Be3 b6 12.Nd2 h5 13.f3 Nh7 14.b3 Bf6 15.Kh1 Bg5 16.
Bf2 h4 17.Rfd1 Bf4 18.Nf1 Qg5 19.Nb5 Na6 20.a3 Nf6 21.Qc3 Kg7 22.b4 Rh8 
23.Qe1 Bd7 24.Rab1 Qh6 25.Bd3 Nh5 26.bxa5 bxa5 27.Qxa5 Ng3+ 28.Kg1 h3 29.
Bxg3 hxg2 30.Kxg2 Bxg3 31.hxg3 Nc5 32.Qd2 Qh1+ 33.Kf2 Bxb5 34.cxb5 Rxa3 
35.Be2 f5 36.Qg5 fxe4 37.Qe7+ Kg8 38.Qe8+ Kg7 39.Qe7+ Kg8 40.Qe8+ 1/2-1/2

[Event "22nd EUR-ch (w)"]
[Site "Prague CZE"]
[Date "2022.08.20"]
[Round "1.41"]
[White "Belenkaya, Dina"]
[Black "Head, Louise"]
[Result "1-0"]
[WhiteElo "2293"]
[BlackElo "2024"]
[EventDate "2022.08.20"]
[PlyCount "96"]

1.e4 c6 2.d4 d5 3.e5 c5 4.dxc5 e6 5.Qg4 h5 6.Qf4 Bxc5 7.Nf3 Qb6 8.Ng5 f6 
9.Nh3 Qb4+ 10.Qxb4 Bxb4+ 11.c3 Bc5 12.Nf4 Ne7 13.Be2 h4 14.Nd3 Bb6 15.Na3 
Nbc6 16.exf6 gxf6 17.Nb5 e5 18.Nd6+ Kd7 19.Nxc8 Raxc8 20.O-O Rhg8 21.Rd1 
Ke6 22.Re1 Rg7 23.Bf1 Kd7 24.Bd2 Rf8 25.Rad1 Rfg8 26.Be3 Bxe3 27.fxe3 Kc8 
28.b4 Rg4 29.Nf2 R4g6 30.e4 Rd8 31.b5 Nb8 32.exd5 Nxd5 33.Bd3 Rg7 34.Bf5+ 
Kc7 35.Re4 Ne3 36.Rxe3 Rdg8 37.Bh3 a6 38.c4 Nd7 39.Rxd7+ Rxd7 40.Bxd7 Kxd7
41.Ne4 Ke7 42.b6 Rd8 43.c5 Ke6 44.Nd6 Rb8 45.Rc3 h3 46.gxh3 Kd5 47.Nxb7 
Kc6 48.Nd6 Kd5 1-0

[Event "22nd EUR-ch (w)"]
[Site "Prague CZE"]
[Date "2022.08.20"]
[Round "1.42"]
[White "Sochorova, Petra"]
[Black "Movsesian, Julia"]
[Result "1/2-1/2"]
[WhiteElo "2019"]
[BlackElo "2291"]
[EventDate "2022.08.20"]
[PlyCount "138"]

1.e4 e5 2.Nf3 Nc6 3.d4 exd4 4.Nxd4 Nf6 5.Nxc6 bxc6 6.Bd3 d5 7.exd5 cxd5 8.
O-O Be7 9.c4 O-O 10.cxd5 Nxd5 11.Be4 Be6 12.Re1 Rb8 13.Nd2 Nf6 14.Bf3 Bb4 
15.a3 Bb3 16.Qxb3 Bxd2 17.Qxb8 Qxb8 18.Bxd2 Qxb2 19.Bf4 Re8 20.Reb1 Qd4 
21.Bxc7 Ne4 22.Bxe4 Qxe4 23.Rd1 h5 24.h3 Re6 25.Rab1 Rg6 26.g3 Rc6 27.Bf4 
Qf3 28.Bd6 Rc2 29.Rf1 h4 30.gxh4 Qxh3 31.Rb4 Qd3 32.Be7 Re2 33.Bc5 Re6 34.
Rg4 Qf5 35.Rg5 Qf4 36.Be3 Qxh4 37.Rg2 Qe7 38.Bd4 Rg6 39.Rxg6 fxg6 40.Rb1 
Kh7 41.Rb3 Qd7 42.Rd3 g5 43.Kf1 Kg6 44.Ke2 Qb7 45.Be3 Kf5 46.Bd2 Qb5 47.
Bc3 g4 48.Kd2 Qb7 49.Bd4 a6 50.Re3 Qd7 51.Rd3 g6 52.Bc3 Qf7 53.Bb4 Qc4 54.
Rc3 Qd4+ 55.Ke2 Kf4 56.Re3 Qc4+ 57.Ke1 Qc1+ 58.Ke2 Qc2+ 59.Ke1 Kf5 60.Bd2 
Qc4 61.Bb4 Qc1+ 62.Ke2 Qc6 63.Ke1 Qb5 64.Bc3 a5 65.Bd2 Qc5 66.Ke2 Qd5 67.
Ke1 Qb5 68.Bc3 Qc5 69.Bd2 Qd5 1/2-1/2

[Event "22nd EUR-ch (w)"]
[Site "Prague CZE"]
[Date "2022.08.20"]
[Round "1.43"]
[White "Blagojevic, Tijana"]
[Black "Bashylina, Luisa"]
[Result "1-0"]
[WhiteElo "2291"]
[BlackElo "2018"]
[EventDate "2022.08.20"]
[PlyCount "137"]

1.e4 c5 2.Nf3 d6 3.d4 cxd4 4.Qxd4 Nf6 5.Bg5 Nc6 6.Bb5 Bd7 7.Qd3 e6 8.Nc3 
h6 9.Bh4 a6 10.Bxc6 Bxc6 11.Nd4 Be7 12.O-O-O O-O 13.f4 Rc8 14.Rhe1 Re8 15.
e5 dxe5 16.fxe5 Nd5 17.Nxc6 bxc6 18.Bxe7 Qxe7 19.Ne4 Rb8 20.Qc4 Qb7 21.b3 
Red8 22.Kb2 a5 23.Rd4 Qa7 24.Qc5 Qa6 25.Nd6 a4 26.g4 Rd7 27.Ree4 axb3 28.
cxb3 Qf1 29.Qc4 Qg1 30.Qc2 Ra7 31.Rd1 Rxa2+ 32.Kxa2 Qxd1 33.Qxd1 Nc3+ 34.
Kb2 Nxd1+ 35.Kc2 Nf2 36.Rf4 Nh3 37.Rxf7 Ng5 38.Re7 Nf3 39.h3 Nxe5 40.Rxe6 
Nd7 41.Nf5 Nc5 42.Rxc6 Nxb3 43.Rc7 Kf8 44.Nxg7 Nd4+ 45.Kd3 Nf3 46.Nf5 Ng5 
47.h4 Nf7 48.Kd4 Rd8+ 49.Ke4 Rb8 50.Rc6 Rb4+ 51.Kd5 Kg8 52.Rc8+ Kh7 53.Ke6
Rb7 54.Rf8 Nh8 55.h5 Rb4 56.Re8 Rb6+ 57.Kd5 Nf7 58.Re7 Kg8 59.Ra7 Rf6 60.
Ra8+ Kh7 61.Rf8 Rxf5+ 62.gxf5 Ng5 63.f6 Ne4 64.Rf7+ Kg8 65.Kxe4 Kxf7 66.
Kf5 Kf8 67.Kg6 Kg8 68.Kxh6 Kf7 69.Kg5 1-0

[Event "22nd EUR-ch (w)"]
[Site "Prague CZE"]
[Date "2022.08.20"]
[Round "1.44"]
[White "Tashkinova, Sofiia"]
[Black "Papp, Sarah"]
[Result "0-1"]
[WhiteElo "2011"]
[BlackElo "2290"]
[EventDate "2022.08.20"]
[PlyCount "78"]

1.e4 c5 2.Nf3 d6 3.Bb5+ Nc6 4.O-O Bd7 5.Re1 a6 6.Bf1 e5 7.h3 g6 8.c3 Bg7 
9.Na3 Nge7 10.Nc4 Be6 11.Ng5 O-O 12.Nxe6 fxe6 13.Qg4 Rf6 14.d3 b5 15.Ne3 
d5 16.Qh4 h5 17.g4 d4 18.Ng2 dxc3 19.bxc3 hxg4 20.Qxg4 b4 21.Bg5 Rf7 22.
Qxe6 bxc3 23.Bxe7 Nxe7 24.Re3 Kf8 25.Rg3 Rb8 26.Ne3 Rb2 27.Rg2 Qd4 28.Qxa6
Bh6 29.Ng4 Bg5 30.Qe6 Rbxf2 31.Rxf2 Rxf2 32.Nxf2 c2 33.Re1 Bh4 34.Rc1 
Qxf2+ 35.Kh1 Bg5 36.Ra1 c1=Q 37.Rxc1 Bxc1 38.Bg2 Qe1+ 39.Kh2 Bf4# 0-1

[Event "22nd EUR-ch (w)"]
[Site "Prague CZE"]
[Date "2022.08.20"]
[Round "1.45"]
[White "Radeva, Viktoria"]
[Black "Grineva, Marianna"]
[Result "1-0"]
[WhiteElo "2289"]
[BlackElo "2006"]
[EventDate "2022.08.20"]
[PlyCount "83"]

1.e4 d6 2.d4 g6 3.Nc3 Bg7 4.Nf3 a6 5.a4 b6 6.Be3 Bb7 7.Bd3 Nd7 8.O-O Ngf6 
9.h3 c5 10.d5 O-O 11.Qd2 Re8 12.Bh6 Bh8 13.Ng5 Qc7 14.f4 c4 15.Be2 Qc5+ 
16.Kh1 b5 17.Bf3 b4 18.Ne2 a5 19.c3 Nb6 20.Nd4 Bc8 21.e5 dxe5 22.fxe5 
Nfxd5 23.Nxf7 Ra6 24.Nxh8 Kxh8 25.Qf2 Nd7 26.Bg4 N7f6 27.exf6 Rxf6 28.Bg7+
Kg8 29.Bxf6 exf6 30.Bxc8 Qxc8 31.Rae1 Rf8 32.Ne6 Rf7 33.Qc5 Qxc5 34.Nxc5 
bxc3 35.bxc3 Rc7 36.Ne6 Rb7 37.Rb1 Re7 38.Rfe1 Re8 39.Nd4 Rc8 40.Rb7 Rd8 
41.Nc6 Ra8 42.Ne7+ 1-0

[Event "22nd EUR-ch (w)"]
[Site "Prague CZE"]
[Date "2022.08.20"]
[Round "1.46"]
[White "Kordzadze, Nino"]
[Black "Rudzinska, Michalina"]
[Result "0-1"]
[WhiteElo "1993"]
[BlackElo "2287"]
[EventDate "2022.08.20"]
[PlyCount "60"]

1.c4 Nf6 2.g3 e6 3.Bg2 d5 4.Nf3 dxc4 5.Qa4+ Bd7 6.Qxc4 c5 7.Ne5 Qc8 8.Nxd7
Qxd7 9.Nc3 Nc6 10.O-O Rc8 11.d3 Be7 12.Be3 Nd4 13.a4 Nc2 14.Rac1 Nxe3 15.
fxe3 h5 16.Qb5 b6 17.Bb7 Rc7 18.Bf3 Kf8 19.Qa6 Nd5 20.Nb5 Nb4 21.Nxc7 Nxa6
22.Nxa6 h4 23.b4 hxg3 24.bxc5 Bg5 25.hxg3 Bxe3+ 26.Kg2 Bxc1 27.c6 Qc8 28.
Rxc1 Qxa6 29.c7 Ke7 30.a5 Rc8 0-1

[Event "22nd EUR-ch (w)"]
[Site "Prague CZE"]
[Date "2022.08.20"]
[Round "1.47"]
[White "Mkrtchian, Mariam"]
[Black "Folkova, Martina"]
[Result "1-0"]
[WhiteElo "2285"]
[BlackElo "1991"]
[EventDate "2022.08.20"]
[PlyCount "55"]

1.d4 d5 2.c4 e6 3.Nf3 c6 4.Nbd2 Nf6 5.g3 c5 6.Bg2 Nc6 7.O-O cxd4 8.cxd5 
exd5 9.Nb3 Bf5 10.Nbxd4 Be4 11.Nxc6 bxc6 12.Qa4 Rc8 13.Bh3 Nd7 14.Qxa7 Rc7
15.Qd4 c5 16.Qa4 Bd6 17.Ng5 Bg6 18.Rd1 h6 19.Nf3 d4 20.Nxd4 cxd4 21.Qxd4 
Bc5 22.Qxg7 Rh7 23.Qg8+ Bf8 24.Bf4 Qe7 25.Bxc7 Nf6 26.Rd8+ Qxd8 27.Qxf8+ 
Kxf8 28.Bxd8 1-0

[Event "22nd EUR-ch (w)"]
[Site "Prague CZE"]
[Date "2022.08.20"]
[Round "1.48"]
[White "Pribylova, Sofie"]
[Black "Sieber, Fiona"]
[Result "0-1"]
[WhiteElo "1981"]
[BlackElo "2280"]
[EventDate "2022.08.20"]
[PlyCount "174"]

1.c4 e5 2.Nc3 Bb4 3.g3 Nf6 4.Bg2 O-O 5.Nf3 e4 6.Ng5 Bxc3 7.bxc3 Qe7 8.Qc2 
Re8 9.O-O d6 10.f3 exf3 11.exf3 c5 12.d3 Nc6 13.Bd2 Bf5 14.Ne4 Bxe4 15.
fxe4 Ng4 16.h3 Nge5 17.Be3 b6 18.Qe2 Na5 19.Kh2 Qe6 20.Rae1 Rac8 21.Rf4 
Rc7 22.Kh1 f6 23.Kh2 Nb7 24.Rf5 Qf7 25.Ref1 Nd8 26.g4 Qe6 27.h4 Ng6 28.h5 
Ne7 29.R5f2 h6 30.Bh3 Qe5+ 31.Bf4 Qxc3 32.g5 hxg5 33.Bxd6 Rc6 34.e5 Qd4 
35.Bxe7 Rxe7 36.e6 Nxe6 37.Qf3 Qd6+ 38.Kg1 Nd4 39.Qg4 Re3 40.Bg2 Rg3 41.
Qe4 Qe6 42.Kh2 Re3 43.Qxe6+ Rcxe6 44.Bd5 Kh7 45.Bxe6 Rxe6 46.Kg2 Kh6 47.a4
Re3 48.a5 bxa5 49.Ra1 Nb3 50.Ra3 Rxd3 51.Rb2 Rd2+ 52.Rxd2 Nxd2 53.Rxa5 
Nxc4 54.Rxc5 Ne5 55.Ra5 Kxh5 56.Rxa7 Kg6 57.Kg3 f5 58.Ra6+ Kh5 59.Ra5 f4+ 
60.Kg2 Ng4 61.Kf3 Nf6 62.Ra7 Kg6 63.Ra5 Kh6 64.Ra6 Kg6 65.Ra5 Ng8 66.Kg4 
Nh6+ 67.Kf3 Kh5 68.Ra8 Nf5 69.Rh8+ Kg6 70.Ra8 Ne3 71.Ra5 Kf6 72.Ra6+ Ke5 
73.Ra5+ Nd5 74.Kg4 Ke4 75.Kxg5 f3 76.Kg4 f2 77.Ra1 Ke3 78.Kg5 Nf4 79.Rf1 
Ne6+ 80.Kf5 g5 81.Ra1 Ke2 82.Ra2+ Kf3 83.Ra1 g4 84.Kxe6 g3 85.Kf5 g2 86.
Ra3+ Ke2 87.Ra2+ Ke3 0-1

[Event "22nd EUR-ch (w)"]
[Site "Prague CZE"]
[Date "2022.08.20"]
[Round "1.49"]
[White "Doluhanova, Evgeniya"]
[Black "Katter, Katharina"]
[Result "1/2-1/2"]
[WhiteElo "2278"]
[BlackElo "1960"]
[EventDate "2022.08.20"]
[PlyCount "113"]

1.Nf3 Nf6 2.b3 g6 3.Bb2 Bg7 4.e3 c5 5.g3 O-O 6.Bg2 Nc6 7.O-O d5 8.d4 cxd4 
9.Nxd4 Nxd4 10.Bxd4 Qc7 11.Nd2 e5 12.Bb2 Be6 13.Rc1 Rfd8 14.Qe2 Rac8 15.h3
Ne8 16.c4 Qa5 17.a3 dxc4 18.Nxc4 Qb5 19.Qc2 Qa6 20.Rfd1 Nd6 21.a4 Bf6 22.
Bf1 Nxc4 23.Rxd8+ Bxd8 24.bxc4 f6 25.Ba3 Qc6 26.Qb3 Qd7 27.Rd1 Qf7 28.Qb4 
Bb6 29.Rc1 Bc5 30.Qb3 Bxa3 31.Qxa3 Bxc4 32.Qb4 Be6 33.Rxc8+ Bxc8 34.Bc4 
Be6 35.Bxe6 Qxe6 36.Qxb7 Qf7 37.Qa8+ Kg7 38.a5 Qc7 39.a6 Qc5 40.h4 f5 41.
Qb8 e4 42.Qb2+ Kg8 43.Kg2 Qc7 44.Qb3+ Kf8 45.Qd5 Ke7 46.h5 Qd7 47.Qg8 Kf6 
48.Qf8+ Ke6 49.h6 Qd1 50.Qg8+ Kf6 51.Qg7+ Ke6 52.Qxa7 Qf3+ 53.Kg1 Qd1+ 54.
Kh2 Qh5+ 55.Kg2 Qf3+ 56.Kg1 Qd1+ 57.Kg2 1/2-1/2

[Event "22nd EUR-ch (w)"]
[Site "Prague CZE"]
[Date "2022.08.20"]
[Round "1.50"]
[White "Lomaia, Diana"]
[Black "Gaboian, Susanna"]
[Result "1-0"]
[WhiteElo "1955"]
[BlackElo "2270"]
[EventDate "2022.08.20"]
[PlyCount "107"]

1.d4 Nf6 2.c4 g6 3.g3 Bg7 4.Bg2 d5 5.cxd5 Nxd5 6.e4 Nb6 7.Ne2 O-O 8.O-O 
Nc6 9.d5 Na5 10.Nbc3 Nac4 11.b3 Nd6 12.Bb2 c6 13.Re1 cxd5 14.exd5 Bf5 15.
Nd4 Qd7 16.a4 Bg4 17.f3 Bh3 18.a5 Nbc8 19.Na4 Bxg2 20.Kxg2 Nb5 21.Nxb5 
Bxb2 22.Nxb2 Qxb5 23.Qd3 Qc5 24.Qc4 Qd6 25.b4 Qf6 26.Nd3 Nd6 27.Qf4 Qc3 
28.Nc5 b6 29.Ne4 Qc2+ 30.Kh1 Nf5 31.g4 Nh4 32.Qg3 f5 33.Ng5 h6 34.Qxh4 
hxg5 35.Qxg5 fxg4 36.Re6 Rf6 37.Qxg4 bxa5 38.Rxf6 exf6 39.Qe6+ Kg7 40.Qe7+
Kh6 41.Qxf6 axb4 42.Qh4+ Kg7 43.Qe7+ Kg8 44.Qe6+ Kh7 45.Qf7+ Kh6 46.Qf4+ 
Kg7 47.Rc1 Qf5 48.Rc7+ Kg8 49.Qd4 Qf8 50.d6 g5 51.Qd5+ Kh8 52.Qe5+ Kg8 53.
Qxg5+ Kh8 54.Qh5+ 1-0